Portuguese Presidents Quiz - Statistics

General Stats
  • This quiz has been taken 99 times
  • The average score is 12 of 20
Answer Stats
Term President % Correct
2006-2016 Aníbal Cavaco Silva
92%
2016- Marcelo Rebelo de Sousa
91%
1986-1996 Mário Soares
84%
1976-1986 António Ramalho Eanes
78%
1996-2006 Jorge Sampaio
73%
1911-1915 Manuel de Arriaga
72%
1935 / 1951 António de Oliveira Salazar
66%
1926 Manuel Gomes da Costa
66%
1910-1911 / 1915 Teófilo Braga
64%
1974 António de Spínola
63%
1923-1925 Manuel Teixeira Gomes
56%
1974-1976 Francisco da Costa Gomes
53%
1958-1974 Américo Thomaz
45%
1919-1923 António José de Almeida
38%
1917-1918 Sidónio Pais
38%
1915-1917 / 1925-1926 Bernardino Machado
36%
1926-1935 / 1935-1951 Óscar Carmona
36%
1918-1919 João do Canto e Castro
34%
1926 José Mendes Cabeçadas
34%
1951-1958 Francisco Craveiro Lopes
33%
No matching quizzes found
Score Distribution
Percent of People with Each Score
Percentile by Number Answered
Your Score History
You have not taken this quiz